[Event "GER CupT qual"]
[Site "Germany"]
[Date "2010.01.16"]
[Round "1"]
[White "Hannes, Diana"]
[Black "Walter, Thomas"]
[Result "1-0"]
[WhiteElo "2106"]
[BlackElo "2146"]
[PlyCount "69"]
[EventDate "2010.01.16"]
[EventType "team-k.o."]
[EventRounds "1"]
[EventCountry "GER"]
[SourceTitle "CBM 134 Extra"]
[Source "ChessBase"]
[SourceDate "2010.03.03"]
[SourceVersion "1"]
[SourceVersionDate "2010.03.03"]
[SourceQuality "1"]

1. e4 c5 2. Nf3 a6 3. c4 Nc6 4. d4 cxd4 5. Nxd4 e5 6. Nc2 Bc5 7. Be3 Qb6 8. Bxc5 Qxc5 9. Nc3 Nf6 10. a3 a5 11. Bd3 d6 12. Ne3 Bd7 13. 0-0 0-0 14. Rc1 Nd4 15. Ncd5 Nxd5 16. cxd5 Qa7 17. Nc4 b5 18. Nxd6 Qb6 19. Nf5 Bxf5 20. exf5 Qd6 21. Be4 Rfc8 22. Qg4 f6 23. Kh1 b4 24. axb4 axb4 25. h4 Nb3 26. Rxc8+ Rxc8 27. Qe2 Nd4 28. Qd3 Rc2 29. Ra1 h6 30. Ra8+ Kh7 31. Qg3 Rc1+ 32. Kh2 g5 33. hxg5 Rc7 34. gxf6 Qxf6 35. Qg8# 1-0

[Event "Wch U18 Girls"]
[Site "Kemer"]
[Date "2009.11.22"]
[Round "11"]
[White "Hannes, Diana"]
[Black "Ursente, Maria Eugenia"]
[Result "1-0"]
[WhiteElo "2125"]
[BlackElo "1968"]
[PlyCount "31"]
[EventDate "2009.11.12"]
[EventType "swiss"]
[EventRounds "11"]
[EventCountry "TUR"]
[SourceTitle "EXT 2010"]
[Source "ChessBase"]
[SourceDate "2010.11.25"]
[SourceVersion "1"]
[SourceVersionDate "2010.11.25"]
[SourceQuality "1"]

1. e4 g6 2. d4 Bg7 3. Nc3 d6 4. f4 Nf6 5. Nf3 0-0 6. Be3 Na6 7. Qd2 c5 8. 0-0-0 Qa5 9. Kb1 Bg4 10. Be2 cxd4 11. Nxd4 Nc5 12. e5 Bxe2 13. exf6 Bxd1 14. fxg7 Bxc2+ 15. Nxc2 Kxg7 16. b4 1-0

[Event "Wch U18 Girls"]
[Site "Kemer"]
[Date "2009.11.20"]
[Round "9"]
[White "Hannes, Diana"]
[Black "Marshall, Abby"]
[Result "1/2-1/2"]
[WhiteElo "2125"]
[BlackElo "2176"]
[PlyCount "84"]
[EventDate "2009.11.12"]
[EventType "swiss"]
[EventRounds "11"]
[EventCountry "TUR"]
[SourceTitle "EXT 2010"]
[Source "ChessBase"]
[SourceDate "2010.11.25"]
[SourceVersion "1"]
[SourceVersionDate "2010.11.25"]
[SourceQuality "1"]

1. e4 e5 2. Nf3 Nc6 3. Bb5 Nf6 4. 0-0 Bc5 5. Nxe5 Nxe5 6. d4 c6 7. dxe5 Nxe4 8. Bd3 d5 9. exd6 Nf6 10. Re1+ Be6 11. Bf5 0-0 12. Bxe6 fxe6 13. Be3 Bxd6 14. c4 Qc7 15. h3 Rad8 16. Qe2 a6 17. Nd2 Rfe8 18. Rac1 Qd7 19. Red1 c5 20. Nb3 b6 21. Rd3 Qc6 22. Rcd1 Qa8 23. Nd2 Bc7 24. Nf1 Qe4 25. Qc2 Qf5 26. R3d2 Qh5 27. b4 cxb4 28. Bxb6 Rc8 29. Qd3 Qh4 30. Re2 Be5 31. Qe3 Qh5 32. Rde1 Bc3 33. Rc1 e5 34. a3 Kh8 35. Bc5 Bd4 36. Bxd4 exd4 37. Qxd4 bxa3 38. Qd6 Qa5 39. Ra1 Ne4 40. Qxa3 Qb6 41. Qe3 Qf6 42. Raa2 Nc5 1/2-1/2

[Event "Wch U18 Girls"]
[Site "Kemer"]
[Date "2009.11.18"]
[Round "7"]
[White "Finnbogadottir, Tinna Kristin"]
[Black "Hannes, Diana"]
[Result "0-1"]
[WhiteElo "1710"]
[BlackElo "2125"]
[PlyCount "84"]
[EventDate "2009.11.12"]
[EventType "swiss"]
[EventRounds "11"]
[EventCountry "TUR"]
[SourceTitle "EXT 2010"]
[Source "ChessBase"]
[SourceDate "2010.11.25"]
[SourceVersion "1"]
[SourceVersionDate "2010.11.25"]
[SourceQuality "1"]

1. e4 c5 2. c3 Nf6 3. e5 Nd5 4. d4 cxd4 5. Nf3 Nc6 6. cxd4 d6 7. Bc4 Nb6 8. Bb5 dxe5 9. Nxe5 Bd7 10. Nxd7 Qxd7 11. 0-0 e6 12. Nc3 Be7 13. Qg4 0-0 14. Bxc6 Qxc6 15. Bh6 Bf6 16. Rac1 Qe8 17. Ne4 Qd8 18. Rc3 Kh8 19. Bxg7+ Bxg7 20. Rg3 Qxd4 21. Rh3 f5 22. Qg6 Kg8 23. Qxh7+ Kf7 24. Qh5+ Ke7 25. Qg5+ Bf6 26. Rh7+ Rf7 27. Qg6 Raf8 28. Rxf7+ Rxf7 29. Nxf6 Qxf6 30. Qg3 Nd5 31. Qa3+ Ke8 32. Re1 b6 33. g3 Re7 34. h4 f4 35. Rc1 Kf7 36. Rc8 fxg3 37. fxg3 Qd4+ 38. Kg2 Qd2+ 39. Kf3 Kg7 40. Qa6 Rf7+ 41. Kg4 Ne3+ 42. Kh5 Rf5# 0-1

[Event "Oberliga Ost-B 0910"]
[Site "Germany"]
[Date "2009.10.18"]
[Round "1.4"]
[White "Wohlfart, Paulus"]
[Black "Hannes, Diana"]
[Result "1/2-1/2"]
[WhiteElo "2227"]
[BlackElo "2105"]
[PlyCount "90"]
[EventDate "2009.10.18"]
[EventType "team-tourn"]
[EventRounds "11"]
[EventCountry "GER"]
[SourceTitle "EXT 2011"]
[Source "ChessBase"]
[SourceDate "2010.11.26"]
[SourceVersion "1"]
[SourceVersionDate "2010.11.26"]
[SourceQuality "1"]
[WhiteTeam "Moerlenbach"]
[BlackTeam "Erfurt Medizin"]
[WhiteTeamCountry "GER"]
[BlackTeamCountry "GER"]

1. d4 Nf6 2. c4 e6 3. Nc3 d5 4. cxd5 exd5 5. Bg5 Be7 6. e3 Nbd7 7. Bd3 0-0 8. Nf3 Re8 9. Qc2 Nf8 10. h3 c6 11. 0-0 Be6 12. a3 Rc8 13. b4 Nh5 14. Bxe7 Qxe7 15. Qe2 g6 16. Na4 Ng7 17. Nc5 Bf5 18. a4 Bxd3 19. Nxd3 Nf5 20. Rfc1 Ne6 21. Qd1 Nd6 22. Nd2 Ng5 23. Nc5 b6 24. Nd3 Rc7 25. Ra2 Rec8 26. Qb3 Nge4 27. Nxe4 Qxe4 28. Ne5 f6 29. f3 Qf5 30. e4 Qe6 31. Nd3 Qf7 32. Re2 Kg7 33. e5 Nc4 34. Rce1 f5 35. Qc3 Qe7 36. e6 Re8 37. Ne5 Nxe5 38. Rxe5 Qd6 39. Rc1 Rxe6 40. Rxe6 Qxe6 41. b5 Kf7 42. bxc6 Kf6 43. f4 Qd6 44. g3 h5 45. h4 Qe6 1/2-1/2

[Event "Nuremberg LGA Cup 6th"]
[Site "Nuremberg"]
[Date "2009.09.05"]
[Round "5"]
[White "Solonar, Stefan"]
[Black "Hannes, Diana"]
[Result "1-0"]
[WhiteElo "2364"]
[BlackElo "2105"]
[PlyCount "149"]
[EventDate "2009.09.03"]
[EventType "swiss"]
[EventRounds "7"]
[EventCountry "GER"]
[SourceTitle "CBM 132 Extra"]
[Source "ChessBase"]
[SourceDate "2009.11.03"]
[SourceVersion "1"]
[SourceVersionDate "2009.11.03"]
[SourceQuality "1"]

1. c4 c5 2. Nf3 g6 3. e4 Bg7 4. d4 cxd4 5. Nxd4 Nc6 6. Be3 Nf6 7. Nc3 d6 8. Be2 0-0 9. 0-0 Bd7 10. Qd2 Nxd4 11. Bxd4 Bc6 12. f3 a5 13. b3 Nd7 14. Be3 Nc5 15. Rab1 Qb6 16. Rfc1 Rfc8 17. Nd5 Bxd5 18. exd5 Qd8 19. Bd1 Qf8 20. a3 Nd7 21. b4 axb4 22. axb4 e5 23. c5 dxc5 24. bxc5 Nxc5 25. Rb5 Nd7 26. Rxb7 Qd6 27. Ra7 Rab8 28. Rc6 Rxc6 29. dxc6 Qxd2 30. Bxd2 Nc5 31. Be3 Bf8 32. Be2 Rc8 33. Bc4 Rxc6 34. Bxf7+ Kh8 35. Bd5 Rc8 36. h4 Nd3 37. Bg5 Bg7 38. Be6 Re8 39. Bd5 Nf4 40. Be4 Ne6 41. Be3 Nf4 42. g3 Nh5 43. Kg2 Kg8 44. Bd5+ Kh8 45. Bg5 Nf6 46. Bf7 Rf8 47. Bc4 Re8 48. Ra6 Ng8 49. Bd5 Nh6 50. h5 Nf5 51. hxg6 hxg6 52. Rxg6 Rf8 53. Ra6 Nd4 54. Ra1 Kh7 55. Be4+ Kg8 56. Rh1 Rb8 57. Kh3 Kf7 58. Kg4 Rb4 59. Rc1 Ne6 60. Be3 Bf6 61. Ra1 Nd4 62. Ra7+ Ke6 63. Ra6+ Kf7 64. Kh5 Rb2 65. Bd5+ Ke7 66. Kg6 Bh8 67. Bg5+ Kd7 68. Kh7 Rb8 69. Rg6 Rf8 70. Rg8 Rxg8 71. Kxg8 Kd6 72. Be4 Ne6 73. Kxh8 Nxg5 74. Kg7 Nh3 75. Kf6 1-0

[Event "Nuremberg LGA Cup 6th"]
[Site "Nuremberg"]
[Date "2009.09.03"]
[Round "1"]
[White "Hector, Jonny"]
[Black "Hannes, Diana"]
[Result "1-0"]
[WhiteElo "2556"]
[BlackElo "2105"]
[PlyCount "85"]
[EventDate "2009.09.03"]
[EventType "swiss"]
[EventRounds "7"]
[EventCountry "GER"]
[SourceTitle "CBM 132 Extra"]
[Source "ChessBase"]
[SourceDate "2009.11.03"]
[SourceVersion "1"]
[SourceVersionDate "2009.11.03"]
[SourceQuality "1"]

1. d4 Nf6 2. Nc3 d5 3. Bg5 Bf5 4. f3 h6 5. Bh4 c6 6. Qd2 Nbd7 7. 0-0-0 Qa5 8. e4 Bg6 9. e5 Ng8 10. e6 fxe6 11. Bd3 Bf7 12. f4 Ngf6 13. Nf3 0-0-0 14. Ne5 Nxe5 15. fxe5 g5 16. Be1 Ne8 17. h4 Bh5 18. Be2 Bxe2 19. Qxe2 Rg8 20. hxg5 hxg5 21. Qg4 Nc7 22. Rh3 Qa6 23. Ne2 b6 24. Ra3 Qb7 25. Rf3 Kb8 26. Bd2 c5 27. Rh1 Nb5 28. Rh7 Nxd4 29. Nxd4 cxd4 30. Bxg5 Re8 31. Rg3 Qa6 32. Qd1 Qc4 33. Rh4 Bg7 34. Rxd4 Qc7 35. Rxd5 exd5 36. Qxd5 Kc8 37. Qa8+ Kd7 38. Rd3+ Ke6 39. Qd5+ Kf5 40. Qf7+ Kxg5 41. Rg3+ Kh4 42. Qf4+ Kh5 43. Qg5# 1-0

[Event "EU-chT U18 Girls 9th"]
[Site "Pardubice"]
[Date "2009.07.21"]
[Round "6"]
[White "Hannes, Diana"]
[Black "Klek, Hanna Marie"]
[Result "1/2-1/2"]
[WhiteElo "2105"]
[BlackElo "2044"]
[PlyCount "42"]
[EventDate "2009.07.16"]
[EventType "team-swiss"]
[EventRounds "7"]
[EventCountry "CZE"]
[SourceTitle "EXT 2020"]
[Source "ChessBase"]
[SourceDate "2019.10.17"]
[SourceVersion "1"]
[SourceVersionDate "2019.10.17"]
[SourceQuality "1"]
[WhiteTeam "Germany U18 (W)"]
[BlackTeam "Germany U18 (W) II"]
[WhiteTeamCountry "GER"]
[BlackTeamCountry "GER"]

1. e4 c5 2. Nf3 d6 3. Bb5+ Bd7 4. Bxd7+ Qxd7 5. c4 Nf6 6. Nc3 g6 7. d4 cxd4 8. Nxd4 Bg7 9. f3 0-0 10. 0-0 Rc8 11. b3 d5 12. exd5 Nxd5 13. Nxd5 e6 14. Bh6 exd5 15. Bxg7 Kxg7 16. Nb5 dxc4 17. Nd6 Rd8 18. Nxb7 Qxd1 19. Rfxd1 Rxd1+ 20. Rxd1 cxb3 21. axb3 Nc6 1/2-1/2

[Event "EU-chT U18 Girls 9th"]
[Site "Pardubice"]
[Date "2009.07.20"]
[Round "5"]
[White "Papp, Petra"]
[Black "Hannes, Diana"]
[Result "1/2-1/2"]
[WhiteElo "2159"]
[BlackElo "2105"]
[PlyCount "127"]
[EventDate "2009.07.16"]
[EventType "team-swiss"]
[EventRounds "7"]
[EventCountry "CZE"]
[SourceTitle "EXT 2020"]
[Source "ChessBase"]
[SourceDate "2019.10.17"]
[SourceVersion "1"]
[SourceVersionDate "2019.10.17"]
[SourceQuality "1"]
[WhiteTeam "Hungary U18 (W)"]
[BlackTeam "Germany U18 (W)"]
[WhiteTeamCountry "HUN"]
[BlackTeamCountry "GER"]

1. e4 e5 2. Nf3 Nc6 3. Bb5 a6 4. Ba4 Nf6 5. 0-0 Be7 6. Re1 b5 7. Bb3 d6 8. c3 0-0 9. h3 Nb8 10. d4 Nbd7 11. Nbd2 Bb7 12. Bc2 Re8 13. Nf1 Bf8 14. Ng3 g6 15. b3 Bg7 16. d5 Qb8 17. Be3 c6 18. c4 bxc4 19. bxc4 Qc7 20. Qe2 a5 21. Ba4 Nc5 22. Bxc5 dxc5 23. Rab1 Rac8 24. Red1 Ba8 25. Kh2 Nd7 26. Qd2 Red8 27. dxc6 Nb8 28. Qe3 Bxc6 29. Bxc6 Rxd1 30. Rxd1 Qxc6 31. Qd3 Bf6 32. Qc3 Qc7 33. Nf1 Nc6 34. Ne3 Bg7 35. Nd5 Qb7 36. Ne1 f5 37. Qd3 Qf7 38. f3 Nb4 39. Qe2 fxe4 40. fxe4 Rf8 41. Nf3 Bh6 42. Kh1 Nc6 43. Qd3 Re8 44. Nh2 Nb4 45. Nxb4 axb4 46. Ng4 Bg7 47. Qe2 Ra8 48. Rd5 h5 49. Nxe5 Bxe5 50. Rxe5 Rxa2 51. Qd1 Qf6 52. Re8+ Kg7 53. e5 Qf7 54. Rd8 Ra7 55. Rd6 Re7 56. Qa1 Kh7 57. e6 Rxe6 58. Rxe6 Qxe6 59. Qa7+ Kh6 60. Qxc5 b3 61. Qd4 Qe2 62. Qf4+ Kg7 63. Qc7+ Kh6 64. Qf4+ 1/2-1/2

[Event "EU-chT U18 Girls 9th"]
[Site "Pardubice"]
[Date "2009.07.19"]
[Round "4"]
[White "Saric, Zrinka"]
[Black "Hannes, Diana"]
[Result "1/2-1/2"]
[WhiteElo "2072"]
[BlackElo "2105"]
[PlyCount "73"]
[EventDate "2009.07.16"]
[EventType "team-swiss"]
[EventRounds "7"]
[EventCountry "CZE"]
[SourceTitle "EXT 2020"]
[Source "ChessBase"]
[SourceDate "2019.10.17"]
[SourceVersion "1"]
[SourceVersionDate "2019.10.17"]
[SourceQuality "1"]
[WhiteTeam "Croatia U18 (W)"]
[BlackTeam "Germany U18 (W)"]
[WhiteTeamCountry "CRO"]
[BlackTeamCountry "GER"]

1. e4 e5 2. Nf3 Nc6 3. Bb5 a6 4. Ba4 Nf6 5. d3 b5 6. Bb3 Be7 7. 0-0 0-0 8. Re1 d6 9. c3 Nb8 10. Nbd2 Nbd7 11. Nf1 Nc5 12. Bc2 Bb7 13. Ng3 g6 14. d4 Ncd7 15. h3 Re8 16. a4 Bf8 17. Bg5 Bg7 18. Qd3 c6 19. Rad1 Qc7 20. dxe5 dxe5 21. Qd6 Qxd6 22. Rxd6 h6 23. Bxf6 Nxf6 24. Red1 Re7 25. h4 Rae8 26. Rd8 Rxd8 27. Rxd8+ Ne8 28. h5 Bf6 29. Ne1 Rc7 30. Rd1 Kg7 31. hxg6 fxg6 32. axb5 axb5 33. Nf1 Re7 34. Bb3 Bc8 35. Nd3 Be6 36. Bxe6 Rxe6 37. Ne3 1/2-1/2

[Event "EU-chT U18 Girls 9th"]
[Site "Pardubice"]
[Date "2009.07.18"]
[Round "3"]
[White "Hannes, Diana"]
[Black "Petrova, Kristyna"]
[Result "1-0"]
[WhiteElo "2105"]
[BlackElo "2161"]
[PlyCount "73"]
[EventDate "2009.07.16"]
[EventType "team-swiss"]
[EventRounds "7"]
[EventCountry "CZE"]
[SourceTitle "EXT 2020"]
[Source "ChessBase"]
[SourceDate "2019.10.17"]
[SourceVersion "1"]
[SourceVersionDate "2019.10.17"]
[SourceQuality "1"]
[WhiteTeam "Germany U18 (W)"]
[BlackTeam "Czech Republic U18 (W)"]
[WhiteTeamCountry "GER"]
[BlackTeamCountry "CZE"]

1. e4 c5 2. Nf3 d6 3. Bb5+ Bd7 4. Bxd7+ Qxd7 5. c4 Nc6 6. Nc3 g6 7. d4 cxd4 8. Nxd4 Bg7 9. Nde2 Nf6 10. f3 0-0 11. 0-0 Rfd8 12. Bg5 h6 13. Be3 Kh7 14. Qd2 Rac8 15. b3 b6 16. Rad1 Qb7 17. h4 h5 18. Bg5 Ne5 19. Nd4 Rd7 20. Nd5 Nxd5 21. exd5 f6 22. Bf4 Nf7 23. Rde1 Bh6 24. Re2 Bxf4 25. Qxf4 Ne5 26. Kh1 Rh8 27. g4 hxg4 28. fxg4 Kg8 29. Rh2 Qc8 30. Ne6 Rh7 31. g5 Rh5 32. Qe4 f5 33. Qe2 Qe8 34. Nf4 Rh7 35. h5 gxh5 36. g6 Rg7 37. Qxh5 1-0